Blue Bayou Lyrics - Linda Ronstadt - Statistics

General Stats
  • This quiz has been taken 20 times
    11 since last reset
  • The average score is 177 of 209
Answer Stats
Answer % Correct
a
100%
And
100%
Bayou
100%
be
100%
Blue
100%
blue
100%
day
100%
going
100%
I
100%
If
100%
I'm
100%
mine
100%
my
100%
My
100%
On
100%
so
100%
some
100%
sun
100%
That
100%
that
100%
the
100%
The
100%
to
100%
To
100%
what
100%
Where
100%
With
100%
with
100%
afloat
83%
all
83%
away
83%
back
83%
bad
83%
boats
83%
boy
83%
By
83%
Come
83%
come
83%
could
83%
don't
83%
dreams
83%
eyes
83%
feel
83%
fishing
83%
forward
83%
friends
83%
got
83%
happy
83%
How
83%
I'd
83%
I'll
83%
is
83%
Looking
83%
may
83%
mind
83%
never
83%
of
83%
only
83%
sails
83%
see
83%
shine
83%
sleepy
83%
someday
83%
sunrise
83%
their
83%
This
83%
those
83%
Through
83%
time
83%
true
83%
Well
83%
world
83%
again
67%
are
67%
baby
67%
behind
67%
dimes
67%
familiar
67%
Gonna
67%
happier
67%
lonesome
67%
Maybe
67%
Saving
67%
saving
67%
Since
67%
take
67%
tide
67%
til
67%
times
67%
worried
67%
better
50%
evening
50%
fine
50%
folks
50%
inside
50%
left
50%
nickels
50%
Oh
50%
side
50%
sweet
50%
Working
50%
hurting
33%
moon
33%
silver
33%
No matching quizzes found
Score Distribution
Percent of People with Each Score
Percentile by Number Answered
Your Score History
You have not taken this quiz since the last reset